01523nam a2200409 i 4500001000700000003000800007005001700015006001900032007001500051008004100066020001800107020002700125035002200152040003100174050002000205080001100225082001200236100004500248245017000293264003700463300004100500336002900541337003300570338004300603490001300646504004300659588008300702650002700785650003600812650004100848650003400889650004300923650004300966655002701009830001401036856006301050115153FINmELB20241217174702.0m o u cr cn|||||||||220826s2021 sp ob 000 0 spa d z9788419109019 a9788419109026 (e-book) a(OCoLC)1345545840 aFINmELBbspaerdacFINmELB14aHD31bS678 2021 a658.8404a6582231 aSocconini Pérez Gómez, Luis Vicente.10aLean Six Sigma Management :blearn the methodology that is changing the way organizations of the future are being designed /cLuis Vicente Socconini Pérez Gómez. 1aBarcelona :bMarge Books,c2021. a1 recurso en línea (130 páginas) atextobtxt2rdamedia/spa acomputadorabc2rdamedia/spa arecurso en líneabcr2rdacarrier/spa1 aGestiona aContiene referencias bibliográficas. aDescripción basada en metadatos suministrados por el editor y otras fuentes. 0aIndustrial management. 0aLean manufacturingxManagement. 0aSix sigma (Quality control standard) 4aAdministración de empresas. 4aManufactura esbeltaxAdministración. 4aSix sigma (Norma de control e calidad) 4aLibros electrónicos. 0aGestiona.40uhttps://elibro.net/ereader/politecnicointernacional/198580